[Event "Montreal op"]
[Site "Montreal CAN"]
[Date "2018.09.08"]
[Round "3.12"]
[White "Libersan, Thierry"]
[Black "Xu, Daniel"]
[Result "1-0"]
[WhiteElo "2099"]
[BlackElo "2067"]
[PlyCount "53"]
[EventDate "2018.09.07"]
[EventType "swiss"]
[EventRounds "5"]
[EventCountry "CAN"]

1. d4 Nf6 2. Bf4 g6 3. Nc3 Bg7 4. e4 d6 5. Qd2 O-O 6. O-O-O Nbd7 7. Bh6 c5 8.
Bxg7 Kxg7 9. Nf3 cxd4 10. Nxd4 Nc5 11. f3 Ne6 12. g4 Qb6 13. Nb3 Bd7 14. h4 Bc6
15. Bc4 a5 16. Bxe6 fxe6 17. Nd4 Bd7 18. h5 Rh8 19. Qg5 a4 20. e5 dxe5 21. Qxe5
Ra5 22. Qe3 Qa6 23. hxg6 Kxg6 24. Qh6+ Kf7 25. g5 Ng8 26. g6+ Ke8 27. g7 1-0

[Event "Montreal op"]
[Site "Montreal CAN"]
[Date "2018.09.09"]
[Round "4.1"]
[White "Dunne, Francesco"]
[Black "Yu, Zong Yang"]
[Result "0-1"]
[WhiteElo "2209"]
[BlackElo "2452"]
[PlyCount "90"]
[EventDate "2018.09.07"]
[EventType "swiss"]
[EventRounds "5"]
[EventCountry "CAN"]

1. e4 c5 2. Nf3 e6 3. c3 d5 4. exd5 Qxd5 5. d4 Nf6 6. a3 Nc6 7. Be3 cxd4 8.
cxd4 Be7 9. Nc3 Qd6 10. Bd3 O-O 11. O-O b6 12. Rc1 Bb7 13. Bb1 Rfd8 14. Qc2
Rac8 15. Rfd1 g6 16. Ba2 Na5 17. Qe2 Nd5 18. Ne5 Nxc3 19. bxc3 Nc6 20. Nxf7
Kxf7 21. d5 Qe5 22. dxc6 Bxc6 23. f4 Qf6 24. Bd4 Bc5 25. Bxc5 bxc5 26. Qa6 Rc7
27. Rxd8 Qxd8 28. Re1 Bd5 29. Rd1 c4 30. Qb5 Qd6 31. Qb8 Qb6+ 32. Qxb6 axb6 33.
Ra1 Rc5 34. Rb1 Ra5 35. Rb4 b5 36. a4 Rxa4 37. Rxa4 bxa4 38. Kf2 Kf6 39. g3 e5
40. fxe5+ Kxe5 41. Ke3 g5 42. Bb1 a3 43. Ba2 g4 44. Bb1 Be4 45. Ba2 Bd3 0-1

[Event "Montreal op"]
[Site "Montreal CAN"]
[Date "2018.09.09"]
[Round "4.3"]
[White "Sambuev, Bator"]
[Black "Dukic, Zachary"]
[Result "1-0"]
[WhiteElo "2572"]
[BlackElo "2276"]
[PlyCount "73"]
[EventDate "2018.09.07"]
[EventType "swiss"]
[EventRounds "5"]
[EventCountry "CAN"]

1. d4 Nf6 2. g3 g6 3. Bg2 Bg7 4. e4 d6 5. Ne2 O-O 6. O-O e5 7. h3 exd4 8. Nxd4
Re8 9. Nc3 Nbd7 10. Re1 d5 11. exd5 Rxe1+ 12. Qxe1 Nb6 13. d6 cxd6 14. b3 a6
15. Bf4 Qc7 16. Rd1 Bd7 17. Nde2 Ne8 18. Be3 Bc6 19. Ne4 d5 20. Ng5 Nf6 21. Qa5
Nfd7 22. Nd4 Re8 23. Nxc6 bxc6 24. Nf3 c5 25. Bf4 Qa7 26. Re1 Rxe1+ 27. Nxe1
Bf8 28. Nd3 d4 29. Ne5 Nxe5 30. Bxe5 Qe7 31. Bf4 Nd7 32. Qxa6 Qe1+ 33. Qf1 Qc3
34. Qc1 Qa5 35. Bc6 Nb6 36. Bc7 Qa7 37. Qf4 1-0

[Event "Montreal op"]
[Site "Montreal CAN"]
[Date "2018.09.09"]
[Round "4.4"]
[White "Huang, Qiuyu"]
[Black "Zhong, Kevin"]
[Result "1-0"]
[WhiteElo "2249"]
[BlackElo "2032"]
[PlyCount "65"]
[EventDate "2018.09.07"]
[EventType "swiss"]
[EventRounds "5"]
[EventCountry "CAN"]

1. e4 c5 2. Nf3 Nc6 3. d4 cxd4 4. Nxd4 Nf6 5. Nc3 d6 6. Bg5 e6 7. Qd2 a6 8.
O-O-O Bd7 9. f4 Be7 10. Nf3 Qa5 11. e5 Nd5 12. Nxd5 Qxd2+ 13. Rxd2 exd5 14.
Bxe7 Kxe7 15. Rxd5 dxe5 16. Nxe5 Nxe5 17. Rxe5+ Kf6 18. Bd3 Be6 19. Be4 Ra7 20.
Rd1 g6 21. a4 Rc8 22. a5 Rc7 23. Rd6 Kg7 24. Rb6 Rd7 25. c3 Bc4 26. b3 Be6 27.
Bf3 Bf5 28. Kb2 Rd2+ 29. Ka3 Rd7 30. Re8 Rc7 31. Kb4 Be6 32. c4 Rd7 33. Rb8 1-0

[Event "Montreal op"]
[Site "Montreal CAN"]
[Date "2018.09.09"]
[Round "4.5"]
[White "Soudre, Nicolas"]
[Black "Durette, Francis"]
[Result "1-0"]
[WhiteElo "2232"]
[BlackElo "2165"]
[PlyCount "55"]
[EventDate "2018.09.07"]
[EventType "swiss"]
[EventRounds "5"]
[EventCountry "CAN"]

1. e4 d6 2. Nc3 Nf6 3. f4 g6 4. Nf3 Bg7 5. d3 O-O 6. g3 c5 7. Bg2 Nc6 8. O-O
Rb8 9. h3 b5 10. g4 h5 11. g5 Nd7 12. Ne2 a5 13. f5 Nd4 14. Nf4 Nxf3+ 15. Bxf3
Ne5 16. Bxh5 gxf5 17. g6 fxg6 18. Nxg6 Nxg6 19. Bxg6 fxe4 20. Bg5 Rxf1+ 21.
Qxf1 Qf8 22. Qg2 Bd4+ 23. Kh1 exd3 24. cxd3 Qg7 25. Be4 Bxh3 26. Qxh3 Qxg5 27.
Rf1 Bf6 28. Rg1 1-0

[Event "Montreal op"]
[Site "Montreal CAN"]
[Date "2018.09.09"]
[Round "4.6"]
[White "Lopez Linares, Lizandro"]
[Black "Hirschberg, Valerian"]
[Result "1/2-1/2"]
[WhiteElo "2190"]
[BlackElo "2315"]
[PlyCount "59"]
[EventDate "2018.09.07"]
[EventType "swiss"]
[EventRounds "5"]
[EventCountry "CAN"]

1. d4 d5 2. Nf3 Nf6 3. c4 dxc4 4. e3 a6 5. Bxc4 e6 6. O-O b5 7. Bb3 c5 8. Qe2
Bb7 9. Nc3 Nbd7 10. Rd1 Qb8 11. h3 Bd6 12. e4 cxd4 13. Rxd4 Bc5 14. Rd1 O-O 15.
a3 Qc7 16. Bd2 Rac8 17. Rac1 Qb8 18. Ba2 Bd6 19. Bb1 h6 20. Re1 Rfd8 21. Rcd1
Ne5 22. Nxe5 Bxe5 23. g3 Rc4 24. Bd3 Rcd4 25. Be3 R4d7 26. Bb6 Rc8 27. Ba5 Qa8
28. Rc1 Qb8 29. f4 Bd4+ 30. Kh2 1/2-1/2

[Event "Montreal op"]
[Site "Montreal CAN"]
[Date "2018.09.09"]
[Round "4.7"]
[White "Beaulieu, Eric"]
[Black "Tanaka, Tyler"]
[Result "1-0"]
[WhiteElo "2262"]
[BlackElo "2096"]
[PlyCount "51"]
[EventDate "2018.09.07"]
[EventType "swiss"]
[EventRounds "5"]
[EventCountry "CAN"]

1. d4 Nf6 2. c4 g6 3. Nc3 Bg7 4. e4 d6 5. Nf3 O-O 6. Be2 c5 7. d5 e6 8. O-O
exd5 9. cxd5 Bg4 10. Nd2 Bxe2 11. Qxe2 a6 12. a4 Re8 13. Nc4 Nxe4 14. Nxe4 f5
15. Bg5 Qxg5 16. Nf6+ Qxf6 17. Qxe8+ Qf8 18. Qe6+ Kh8 19. Nxd6 a5 20. Nf7+ Kg8
21. Ne5+ Kh8 22. Ra3 Ra6 23. d6 Nc6 24. Nxg6+ hxg6 25. Rh3+ Bh6 26. Qxg6 1-0

[Event "Montreal op"]
[Site "Montreal CAN"]
[Date "2018.09.09"]
[Round "4.8"]
[White "Adriaanse, Adam"]
[Black "Berube, Antoine"]
[Result "1-0"]
[WhiteElo "2139"]
[BlackElo "2200"]
[PlyCount "107"]
[EventDate "2018.09.07"]
[EventType "swiss"]
[EventRounds "5"]
[EventCountry "CAN"]

1. d4 Nf6 2. Nf3 d5 3. c4 c6 4. e3 Bf5 5. Nc3 e6 6. Nh4 Be4 7. f3 Bg6 8. Nxg6
hxg6 9. Qb3 Qc7 10. Bd2 Be7 11. Rc1 Nbd7 12. g3 Qb6 13. Be2 O-O 14. O-O dxc4
15. Bxc4 e5 16. Qxb6 axb6 17. Rfd1 b5 18. Bb3 Rfd8 19. Be1 exd4 20. exd4 Nb6
21. Ne4 Nfd5 22. Nc5 Ra7 23. Bf2 Bg5 24. f4 Bf6 25. a3 Nc8 26. Ne4 Ncb6 27. Kg2
Be7 28. Nc5 g5 29. f5 g4 30. Re1 Bg5 31. Rc2 Kf8 32. Rce2 Nc4 33. Re8+ Rxe8 34.
Nd7+ Kg8 35. Rxe8+ Kh7 36. Nf8+ Kh6 37. Bxc4 Nf6 38. Re7 bxc4 39. Rxf7 c3 40.
bxc3 Rxa3 41. Rxb7 Rxc3 42. Ne6 Rf3 43. Rxg7 Rxf5 44. Rxg5 Rxg5 45. Be3 Ne4 46.
Nxg5 Nxg5 47. h3 gxh3+ 48. Kh2 Kh5 49. Bxg5 Kxg5 50. Kxh3 Kf5 51. g4+ Ke4 52.
g5 Kxd4 53. g6 c5 54. g7 1-0

[Event "Montreal op"]
[Site "Montreal CAN"]
[Date "2018.09.09"]
[Round "4.9"]
[White "Ouellet, Maili-Jade"]
[Black "Poulin, Maurice"]
[Result "1-0"]
[WhiteElo "2266"]
[BlackElo "2085"]
[PlyCount "99"]
[EventDate "2018.09.07"]
[EventType "swiss"]
[EventRounds "5"]
[EventCountry "CAN"]

1. d4 g6 2. c4 Bg7 3. e4 Nc6 4. d5 Nd4 5. Nc3 c5 6. Be3 d6 7. Nge2 Bg4 8. f3
Bxf3 9. gxf3 Nxf3+ 10. Kf2 Ne5 11. Nf4 Nf6 12. Be2 Qa5 13. h3 Qb4 14. Qb3 O-O
15. Nd3 Nxd3+ 16. Bxd3 Qxb3 17. axb3 Nd7 18. Kg2 Ne5 19. Be2 a6 20. Ra4 f5 21.
Rf1 fxe4 22. Nxe4 Rxf1 23. Bxf1 a5 24. Bg5 Kf8 25. Bd2 b6 26. b4 cxb4 27. Bxb4
Rc8 28. Bc3 h6 29. Bd4 Nd7 30. Bxg7+ Kxg7 31. b4 axb4 32. Rxb4 Ra8 33. Nc3 Nc5
34. Rxb6 Ra3 35. Nd1 Ne4 36. Rb2 Kf6 37. Re2 Ng3 38. Re6+ Kf7 39. Re3 Rxe3 40.
Nxe3 Nxf1 41. Nxf1 e6 42. Kf3 exd5 43. cxd5 Kf6 44. Kf4 Kf7 45. Ne3 Ke7 46. Ng4
g5+ 47. Kf5 h5 48. Nf2 g4 49. hxg4 hxg4 50. Nxg4 1-0

[Event "Montreal op"]
[Site "Montreal CAN"]
[Date "2018.09.09"]
[Round "4.10"]
[White "Pare, Marc"]
[Black "Saha, Ananda"]
[Result "0-1"]
[WhiteElo "2023"]
[BlackElo "2185"]
[PlyCount "254"]
[EventDate "2018.09.07"]
[EventType "swiss"]
[EventRounds "5"]
[EventCountry "CAN"]

1. e4 c5 2. c3 d5 3. exd5 Qxd5 4. d4 Nc6 5. Nf3 Nf6 6. Be2 e6 7. O-O Be7 8. Be3
cxd4 9. Nxd4 Nxd4 10. Bxd4 O-O 11. Bf3 Qf5 12. Re1 Rd8 13. Nd2 Bd7 14. Bxb7
Rab8 15. Bf3 Rxb2 16. Nc4 Rbb8 17. Re5 Qg6 18. Ra5 Rb5 19. Rxa7 Rdb8 20. Bxf6
Rb1 21. Rxb1 Rxb1 22. Bxe7 Rxd1+ 23. Bxd1 Qe4 24. Ne3 Bc6 25. Rc7 Be8 26. Rc8
f5 27. Rxe8+ Kf7 28. Bc2 Qc6 29. Rb8 Kxe7 30. c4 f4 31. Nf1 Qxc4 32. Bb3 Qc7
33. Rb4 g5 34. Re4 e5 35. Rc4 Qd6 36. h3 h5 37. Ra4 Qc5 38. Rc4 Qb6 39. Nd2 g4
40. hxg4 hxg4 41. Re4 Kf6 42. Rxe5 Qd4 43. Re6+ Kf5 44. Re2 Qa1+ 45. Nf1 f3 46.
Re3 Kf4 47. Rd3 Qb1 48. Rd4+ Kg5 49. Rd1 Qh7 50. Rd5+ Kf6 51. Rc5 Qe4 52. Bc2
Qa8 53. Bb3 fxg2 54. Ne3 Qe4 55. Rc1 g3 56. Nd5+ Kg5 57. fxg3 Qd4+ 58. Kh2 Qf2
59. Rg1 Qa7 60. Nf4 Qh7+ 61. Nh3+ Kf6 62. Rxg2 Qb1 63. Rf2+ Kg7 64. Nf4 Qh7+
65. Kg2 Qe4+ 66. Rf3 Qe1 67. Bd5 Qd2+ 68. Rf2 Qb4 69. Re2 Qa3 70. Rf2 Qb4 71.
g4 Kh6 72. Be6 Qb7+ 73. Kg3 Qa6 74. Bd5 Qa3+ 75. Bf3 Qa5 76. Rh2+ Kg7 77. Ne6+
Kf7 78. Nf4 Qe1+ 79. Rf2 Qa5 80. Bd5+ Kg7 81. g5 Qc3+ 82. Rf3 Qe1+ 83. Kg4 Qg1+
84. Kf5 Qb1+ 85. Rd3 Qf1 86. Re3 Qb1+ 87. Re4 Qc2 88. Ne6+ Kh7 89. g6+ Kh6 90.
g7 Qf2+ 91. Rf4 Qc2+ 92. Ke5 Qb2+ 93. Kd6 Qa3+ 94. Kd7 Qa7+ 95. Ke8 Qb8+ 96.
Kf7 Qa7+ 97. Kg8 Qb8+ 98. Rf8 Qe5 99. Bb3 Kg6 100. Rd8 Qh2 101. Kf8 Qf2+ 102.
Ke7 Qa7+ 103. Rd7 Qa3+ 104. Ke8 Qa8+ 105. Rd8 Qc6+ 106. Ke7 Qb7+ 107. Rd7 Qb4+
108. Rd6 Qb7+ 109. Kd8 Qb8+ 110. Kd7 Qb5+ 111. Kc7 Qa5+ 112. Kc6 Qa6+ 113. Kd5
Qb5+ 114. Ke4 Qe2+ 115. Kd5 Qb5+ 116. Kd4 Qb4+ 117. Ke5 Qb5+ 118. Bd5 Qb2+ 119.
Ke4 Qb4+ 120. Ke5 Qb2+ 121. Nd4+ Kxg7 122. Rd7+ Kg6 123. Be4+ Kg5 124. Ra7 Qb8+
125. Kd5 Qxa7 126. Ne6+ Kf6 127. Bb1 Qd7+ 0-1

[Event "Montreal op"]
[Site "Montreal CAN"]
[Date "2018.09.09"]
[Round "4.11"]
[White "Li, James"]
[Black "Rose, Felix"]
[Result "1-0"]
[WhiteElo "2020"]
[BlackElo "2130"]
[PlyCount "61"]
[EventDate "2018.09.07"]
[EventType "swiss"]
[EventRounds "5"]
[EventCountry "CAN"]

1. e4 c5 2. Nf3 g6 3. d4 cxd4 4. Nxd4 Nc6 5. Nc3 Bg7 6. Nb3 Nf6 7. Be2 O-O 8.
O-O d6 9. Bg5 Be6 10. Kh1 Qc8 11. f4 a5 12. a4 Rd8 13. Bxf6 Bxf6 14. Nd5 Bxd5
15. exd5 Nb8 16. c3 Nd7 17. Bb5 Nb6 18. Qd3 Qc7 19. Rad1 Nc8 20. Qe4 Na7 21.
Bd3 Qb6 22. Bc2 Rdb8 23. g4 h6 24. g5 hxg5 25. fxg5 Bxg5 26. Rxf7 Kxf7 27.
Qxg6+ Kf8 28. Rf1+ Bf6 29. Nd4 Qxd4 30. cxd4 b5 31. Bf5 1-0

[Event "Montreal op"]
[Site "Montreal CAN"]
[Date "2018.09.09"]
[Round "4.12"]
[White "Libersan, Thierry"]
[Black "Jacquet, Stephane"]
[Result "1-0"]
[WhiteElo "2099"]
[BlackElo "2059"]
[PlyCount "57"]
[EventDate "2018.09.07"]
[EventType "swiss"]
[EventRounds "5"]
[EventCountry "CAN"]

1. d4 d5 2. Bf4 Nf6 3. e3 g6 4. h3 Bg7 5. Nf3 O-O 6. Nbd2 Nbd7 7. Be2 c5 8. c3
b6 9. a4 a6 10. O-O Bb7 11. Ne5 Nxe5 12. Bxe5 Nd7 13. Bxg7 Kxg7 14. f4 e6 15.
Qe1 Nf6 16. g4 cxd4 17. exd4 Qd6 18. Bd3 h5 19. g5 Ng8 20. Qe3 Ne7 21. Nf3 Nc6
22. Ne5 Na5 23. Qe2 Rfc8 24. Bxg6 fxg6 25. Qd3 Rc7 26. Qxg6+ Kf8 27. f5 Rg7 28.
Qh6 Kg8 29. f6 1-0

[Event "Montreal op"]
[Site "Montreal CAN"]
[Date "2018.09.09"]
[Round "4.13"]
[White "Xu, Daniel"]
[Black "Saine, Zachary"]
[Result "1-0"]
[WhiteElo "2067"]
[BlackElo "2010"]
[PlyCount "97"]
[EventDate "2018.09.07"]
[EventType "swiss"]
[EventRounds "5"]
[EventCountry "CAN"]

1. d4 Nf6 2. c4 c5 3. Nf3 g6 4. g3 b6 5. Bg2 Bb7 6. O-O Bg7 7. Nc3 O-O 8. h3 d6
9. Re1 Nbd7 10. d5 a6 11. a4 h6 12. g4 Ne5 13. Nxe5 dxe5 14. e4 Ne8 15. a5 b5
16. Be3 Nd6 17. cxb5 axb5 18. Bxc5 Rxa5 19. Qd3 Qa8 20. Rxa5 Qxa5 21. Bxd6 exd6
22. Qxb5 Qa7 23. Qd7 Qb6 24. Qb5 Qa7 25. Qb4 f5 26. gxf5 gxf5 27. Qxd6 f4 28.
Qa3 Qb6 29. Nd1 Rf6 30. Kh2 Ba6 31. Qf3 Qd4 32. Bf1 Bb7 33. b3 Kh7 34. Bc4 Rg6
35. Nc3 Bc8 36. Rg1 Rxg1 37. Kxg1 Qd2 38. Kg2 Bf8 39. Qd3 Qe1 40. d6 Bxd6 41.
Qxd6 f3+ 42. Kg3 Qg1+ 43. Kxf3 Bxh3 44. Qe7+ Kh8 45. Qxe5+ Kh7 46. Qc7+ Kh8 47.
Qg3 Qh1+ 48. Kf4 Qc1+ 49. Ke5 1-0

[Event "Montreal op"]
[Site "Montreal CAN"]
[Date "2018.09.09"]
[Round "5.2"]
[White "Huang, Qiuyu"]
[Black "Sambuev, Bator"]
[Result "0-1"]
[WhiteElo "2249"]
[BlackElo "2571"]
[PlyCount "82"]
[EventDate "2018.09.07"]
[EventType "swiss"]
[EventRounds "5"]
[EventCountry "CAN"]

1. e4 Nf6 2. e5 Nd5 3. d4 d6 4. Nf3 Bg4 5. Be2 c6 6. O-O Bxf3 7. Bxf3 dxe5 8.
dxe5 e6 9. b3 Nd7 10. Bb2 Qc7 11. Re1 O-O-O 12. g3 Bb4 13. c3 Be7 14. Qe2 Nc5
15. Na3 Nb6 16. Rad1 Rxd1 17. Rxd1 Rd8 18. c4 Rxd1+ 19. Qxd1 Ncd7 20. Qd4 Bxa3
21. Bxa3 Qxe5 22. Qd2 Qf5 23. Be2 e5 24. b4 Qb1+ 25. Bc1 Qe4 26. Bd3 Qg4 27.
Qc2 g6 28. Kg2 Qe6 29. a4 Na8 30. Be3 Kb8 31. f3 Nc7 32. Qf2 a6 33. Qb2 Qd6 34.
Qb3 c5 35. b5 f5 36. a5 Kc8 37. Kf2 Ne6 38. bxa6 bxa6 39. Kg2 Nd4 40. Bxd4 Qxd4
41. Qb1 Qc3 0-1

[Event "Montreal op"]
[Site "Montreal CAN"]
[Date "2018.09.09"]
[Round "5.3"]
[White "Masse, Hugues"]
[Black "Soudre, Nicolas"]
[Result "1/2-1/2"]
[WhiteElo "2278"]
[BlackElo "2232"]
[PlyCount "153"]
[EventDate "2018.09.07"]
[EventType "swiss"]
[EventRounds "5"]
[EventCountry "CAN"]

1. e4 e5 2. Nf3 Nc6 3. Bb5 a6 4. Ba4 Nf6 5. O-O b5 6. Bb3 Bc5 7. a4 Rb8 8. c3
d6 9. d4 Bb6 10. a5 Ba7 11. Be3 exd4 12. cxd4 Bg4 13. Nbd2 Nxd4 14. Bxd4 Bxd4
15. Bxf7+ Kf8 16. Ba2 Qe7 17. Qb3 Be5 18. Ng5 c5 19. Qf7+ Qxf7 20. Nxf7 Bxb2
21. Rab1 Bc3 22. Nf3 Bxf3 23. gxf3 Ke7 24. Rbc1 Bd4 25. Nxh8 Rxh8 26. Rfd1 Be5
27. Rc2 Rb8 28. Rb1 Nh5 29. Bc4 Rf8 30. Be2 Nf4 31. Bf1 Ne6 32. Bg2 Nd4 33. Rd2
Nxf3+ 34. Bxf3 Rxf3 35. Kf1 Ra3 36. Ke2 Rxa5 37. Rg1 b4 38. Kd3 Ra3+ 39. Kc4
Ke6 40. Rd3 Ra2 41. f4 Bd4 42. Rxd4 Rc2+ 43. Kd3 Rc3+ 44. Kd2 cxd4 45. Rxg7 Rh3
46. f5+ Kf6 47. Rd7 Ke5 48. Re7+ Kf4 49. f6 Kg5 50. f7 Rf3 51. Ke2 Rf6 52. Ra7
Kg6 53. Rxa6 Kxf7 54. Rb6 Rh6 55. Rxb4 Rxh2+ 56. Kf3 d3 57. Rd4 Ke6 58. Kf4 d2
59. Rd5 h5 60. Kg3 Re2 61. Kf3 Rh2 62. Kg3 Rh1 63. Rxd2 h4+ 64. Kg2 Re1 65. Rd4
Re3 66. Kf2 Ra3 67. e5 Kxe5 68. Rxh4 d5 69. Ke2 Kd6 70. Kd2 Kc5 71. Rg4 Rh3 72.
Rf4 d4 73. Rf8 Rh2+ 74. Kd3 Rh3+ 75. Kd2 Kc4 76. Rc8+ Kd5 77. Rd8+ 1/2-1/2

[Event "Montreal op"]
[Site "Montreal CAN"]
[Date "2018.09.09"]
[Round "5.4"]
[White "Hirschberg, Valerian"]
[Black "Beaulieu, Eric"]
[Result "1/2-1/2"]
[WhiteElo "2315"]
[BlackElo "2262"]
[PlyCount "76"]
[EventDate "2018.09.07"]
[EventType "swiss"]
[EventRounds "5"]
[EventCountry "CAN"]

1. Nf3 c5 2. g3 Nc6 3. c4 g6 4. Bg2 Bg7 5. Nc3 e6 6. O-O Nge7 7. d4 Nxd4 8.
Nxd4 cxd4 9. Nb5 Qb6 10. e3 O-O 11. Nxd4 d5 12. cxd5 Nxd5 13. Nb3 Rd8 14. Qf3
Nb4 15. e4 Nc2 16. Rb1 Bd7 17. Bg5 Rdc8 18. Bf6 e5 19. Bxg7 Kxg7 20. Rfc1 Be6
21. Qd1 Bxb3 22. axb3 Nd4 23. Rc3 Rc5 24. Bf1 Rac8 25. Bc4 Qd6 26. Rbc1 b5 27.
Bd5 b4 28. Rxc5 Rxc5 29. Rxc5 Qxc5 30. Kg2 h5 31. h4 a5 32. Qd2 f6 33. Qd3 Qc2
34. Qa6 Qd1 35. Qa7+ Kh6 36. Qc5 Qf3+ 37. Kg1 Qd1+ 38. Kg2 Qf3+ 1/2-1/2

[Event "Montreal op"]
[Site "Montreal CAN"]
[Date "2018.09.09"]
[Round "5.5"]
[White "Durette, Francis"]
[Black "Ouellet, Maili-Jade"]
[Result "0-1"]
[WhiteElo "2165"]
[BlackElo "2266"]
[PlyCount "92"]
[EventDate "2018.09.07"]
[EventType "swiss"]
[EventRounds "5"]
[EventCountry "CAN"]

1. Nf3 d5 2. c4 e6 3. d4 Nf6 4. Nc3 Be7 5. g3 O-O 6. Bg2 dxc4 7. Ne5 Nc6 8.
Nxc6 bxc6 9. Bxc6 Rb8 10. O-O Bb7 11. Qa4 Qxd4 12. Be3 Qe5 13. Bxb7 Rxb7 14.
Qxc4 Rb4 15. Qc6 Ng4 16. Bf4 Qh5 17. Qg2 Rxb2 18. h3 Nf6 19. Bxc7 Rc8 20. g4
Qg5 21. Qg3 h5 22. Be5 hxg4 23. Nd5 Nxd5 24. Bxb2 Nf4 25. Rfe1 Nxh3+ 26. Kf1
Bc5 27. e3 Qf5 28. Rac1 Rd8 29. Red1 Bd6 30. Qh4 f6 31. Rxd6 Rxd6 32. Rc8+ Kf7
33. Rc7+ Kg6 34. Bd4 e5 35. Rc5 Nxf2 36. Qxf2 Qxf2+ 37. Kxf2 exd4 38. exd4 Rxd4
39. Ra5 Rd7 40. Kg3 f5 41. Kf4 Rd4+ 42. Kg3 Kg5 43. Rxa7 f4+ 44. Kg2 Rd2+ 45.
Kf1 Kh4 46. Ra3 g3 0-1

[Event "Montreal op"]
[Site "Montreal CAN"]
[Date "2018.09.09"]
[Round "5.6"]
[White "Saha, Ananda"]
[Black "Li, James"]
[Result "0-1"]
[WhiteElo "2185"]
[BlackElo "2020"]
[PlyCount "148"]
[EventDate "2018.09.07"]
[EventType "swiss"]
[EventRounds "5"]
[EventCountry "CAN"]

1. Nf3 Nf6 2. c4 e6 3. d4 Bb4+ 4. Bd2 Bxd2+ 5. Nbxd2 d5 6. e3 O-O 7. Bd3 c6 8.
Qc2 Nbd7 9. O-O h6 10. cxd5 cxd5 11. Rac1 a6 12. b4 a5 13. b5 a4 14. Rb1 Nb6
15. Rfc1 Bd7 16. Qc7 Qxc7 17. Rxc7 Rab8 18. Ne5 Rfd8 19. Rbc1 Be8 20. f4 Nc8
21. g4 Nd6 22. g5 hxg5 23. fxg5 Nd7 24. Ndf3 Nb6 25. h4 Rdc8 26. Rxc8 Rxc8 27.
Rc5 Nbc4 28. Rxc8 Nxc8 29. Nxc4 dxc4 30. Bxc4 Nd6 31. Nd2 Bxb5 32. Bxb5 Nxb5
33. Nc4 Nc3 34. Nb6 Kh7 35. e4 Nxe4 36. Nxa4 b5 37. Nc5 Nc3 38. a3 Kg6 39. Kg2
Kh5 40. Kh3 Nb1 41. Nd3 Kg6 42. Ne5+ Kf5 43. Nxf7 Nxa3 44. Nd6+ Kf4 45. Nb7 Nc2
46. Nc5 Nxd4 47. Nd3+ Kf5 48. Nb4 g6 49. Kg3 e5 50. Nd5 Nc6 51. Ne3+ Ke6 52.
Kg4 b4 53. h5 b3 54. h6 b2 55. h7 b1=Q 56. h8=Q Qe4+ 57. Kg3 Qxe3+ 58. Kh2 Qf4+
59. Kh3 Ne7 60. Qa8 Qe3+ 61. Kh2 Qc5 62. Qa2+ Qd5 63. Qa6+ Qd6 64. Qc4+ Kf5 65.
Qc1 e4+ 66. Kh3 Qf4 67. Qc5+ Qe5 68. Qe3 Nd5 69. Qa7 Kxg5 70. Qg1+ Kf5 71. Qg4+
Kf6 72. Qh4+ Qg5 73. Qh8+ Kf5 74. Qc8+ Kf4 0-1

[Event "Montreal op"]
[Site "Montreal CAN"]
[Date "2018.09.09"]
[Round "5.7"]
[White "Zhong, Kevin"]
[Black "Libersan, Thierry"]
[Result "1/2-1/2"]
[WhiteElo "2032"]
[BlackElo "2099"]
[PlyCount "106"]
[EventDate "2018.09.07"]
[EventType "swiss"]
[EventRounds "5"]
[EventCountry "CAN"]

1. e4 c5 2. Ne2 Nc6 3. Nbc3 e6 4. d4 cxd4 5. Nxd4 Qc7 6. Be3 a6 7. Qf3 Nf6 8.
O-O-O Bb4 9. Nxc6 bxc6 10. Bd4 Be7 11. Qg3 Qxg3 12. hxg3 c5 13. Be3 Ng4 14. Re1
Nxe3 15. Rxe3 d6 16. f4 h6 17. Be2 Bb7 18. Bf3 O-O 19. Rd1 Rab8 20. b3 Rfc8 21.
Na4 Bc6 22. Nb2 Rd8 23. a4 Bf6 24. e5 Bxf3 25. gxf3 dxe5 26. fxe5 Rxd1+ 27.
Kxd1 Be7 28. Rd3 Kf8 29. Ke2 Ke8 30. Nc4 Rd8 31. Nb2 Rxd3 32. Kxd3 Kd7 33. Kc4
Kc6 34. a5 h5 35. f4 g5 36. fxg5 Bxg5 37. Nd3 Bd8 38. Nxc5 Bxa5 39. b4 Bc7 40.
Nd3 Bd8 41. Kd4 h4 42. gxh4 Bxh4 43. c4 Be7 44. Ke4 f6 45. exf6 Bxf6 46. Ne5+
Kd6 47. c5+ Kc7 48. Kf4 Bxe5+ 49. Kxe5 Kc6 50. Kxe6 a5 51. bxa5 Kxc5 52. a6 Kb6
53. Kd6 Kxa6 1/2-1/2

[Event "Montreal op"]
[Site "Montreal CAN"]
[Date "2018.09.09"]
[Round "5.8"]
[White "Tanaka, Tyler"]
[Black "Berube, Antoine"]
[Result "1-0"]
[WhiteElo "2096"]
[BlackElo "2200"]
[PlyCount "195"]
[EventDate "2018.09.07"]
[EventType "swiss"]
[EventRounds "5"]
[EventCountry "CAN"]

1. e4 c5 2. Nf3 d6 3. d4 cxd4 4. Nxd4 Nf6 5. Nc3 a6 6. Bg5 Nbd7 7. f4 Qc7 8.
Be2 e6 9. Qd3 Be7 10. O-O-O O-O 11. Bf3 Rd8 12. Rhe1 Nc5 13. Qe3 Ne8 14. Bxe7
Qxe7 15. e5 d5 16. f5 Bd7 17. Bxd5 exd5 18. Nxd5 Qh4 19. e6 fxe6 20. fxe6 Bxe6
21. Nxe6 Nxe6 22. Qxe6+ Kh8 23. Qe7 Qh6+ 24. Kb1 Nf6 25. Nxf6 Qxf6 26. Rxd8+
Rxd8 27. Qxb7 Qe5 28. Qb4 h6 29. h3 Qe2 30. b3 Qxg2 31. Qc3 Qb7 32. Rg1 Qa7 33.
Rg6 Kh7 34. Rg3 Qf7 35. Rf3 Qb7 36. a4 Qe4 37. Rg3 Qb7 38. Qf3 Qc7 39. Qf5+ Kh8
40. Rd3 Re8 41. Rd7 Qc3 42. Rd1 Rc8 43. h4 Re8 44. h5 Rb8 45. Qd3 Qc7 46. Qxa6
Rc8 47. Qg6 Qc3 48. Qd3 Qc7 49. Re1 Qc5 50. Qg6 Qc3 51. Re8+ Rxe8 52. Qxe8+ Kh7
53. Qe4+ Kh8 54. Qd5 Qe1+ 55. Kb2 Qf2 56. Qe5 Qa7 57. a5 Kh7 58. Qe4+ Kh8 59.
Qd5 Kh7 60. Qd3+ Kh8 61. a6 Qb6 62. Qc4 Qf6+ 63. Ka2 Qb6 64. Qa4 Qa7 65. Kb2
Kh7 66. Qe4+ Kh8 67. Qd3 Qb6 68. Qc4 Qf6+ 69. Ka2 Qb6 70. Qa4 Qa7 71. Qc6 Qf2
72. Qe8+ Kh7 73. Qg6+ Kh8 74. Qd3 Qb6 75. c3 Qf2+ 76. Ka3 Qb6 77. b4 Qa7 78.
Qe2 Kh7 79. Qe4+ Kh8 80. Qc6 Qe3 81. Qc5 Qc1+ 82. Ka4 Qd1+ 83. Ka5 Qd8+ 84. Kb5
Qe8+ 85. Qc6 Qb8+ 86. Ka4 Qh2 87. c4 Qc2+ 88. Kb5 Qf5+ 89. Kb6 Qf8 90. c5 Qd8+
91. Qc7 Qf6+ 92. Kb7 Qf3+ 93. c6 Qb3 94. Qb6 Qf7+ 95. c7 Qe7 96. Kb8 Qe5 97. a7
Qxc7+ 98. Kxc7 1-0

[Event "Montreal op"]
[Site "Montreal CAN"]
[Date "2018.09.09"]
[Round "5.9"]
[White "Rose, Felix"]
[Black "Xu, Daniel"]
[Result "0-1"]
[WhiteElo "2130"]
[BlackElo "2067"]
[PlyCount "68"]
[EventDate "2018.09.07"]
[EventType "swiss"]
[EventRounds "5"]
[EventCountry "CAN"]

1. d4 Nf6 2. c4 g6 3. Nc3 Bg7 4. e4 d6 5. h3 O-O 6. Bg5 c6 7. Nf3 Nbd7 8. Bd3
e5 9. d5 Nc5 10. Bc2 a5 11. O-O h6 12. Be3 cxd5 13. cxd5 b6 14. Qd2 Kh7 15. a3
Ba6 16. Rfb1 Rc8 17. Bxc5 Rxc5 18. b4 Rc8 19. Ba4 Rc4 20. Qe1 Qc7 21. Bc6 Nh5
22. b5 Bc8 23. Rc1 f5 24. Nd2 Rd4 25. Ne2 Rd3 26. exf5 Bxf5 27. g4 Qe7 28. Nf1
Rxh3 29. gxf5 Qg5+ 30. Neg3 gxf5 31. Bd7 Rh4 32. Nh2 e4 33. Ra2 Bd4 34. Nhf1
Nxg3 0-1

[Event "Montreal op"]
[Site "Montreal CAN"]
[Date "2018.09.09"]
[Round "5.10"]
[White "Poulin, Maurice"]
[Black "Pare, Marc"]
[Result "0-1"]
[WhiteElo "2085"]
[BlackElo "2023"]
[PlyCount "34"]
[EventDate "2018.09.07"]
[EventType "swiss"]
[EventRounds "5"]
[EventCountry "CAN"]

1. e4 d5 2. exd5 Nf6 3. d4 Nxd5 4. c4 Nb6 5. Nc3 e5 6. dxe5 Qxd1+ 7. Kxd1 Nc6
8. Nb5 Bg4+ 9. f3 O-O-O+ 10. Ke2 Be6 11. Be3 Nxc4 12. Rc1 a6 13. Na7+ Nxa7 14.
Bxa7 Nxe5 15. Kf2 Rd2+ 16. Ke1 Rxb2 17. a3 Bxa3 0-1